000 00420nam a2200181Ia 4500
001 16055
005 20260306170241.0
008 260306t2017||||xx |||||||||||||| ||und||
041 _aESP
082 _a346.6
_bB94
100 _aBurrows, Andrew
_eAUT
245 2 _aA casebook on contract
260 _c2017
300 _alix, 870 páginas :
_c24 cm.
650 _aGEN
654 _aCDE
942 _cLIB
_dJUS
_fJUS
_2ddc
_n
999 _c16055
_d16055